000 nam a22 4500
999 _c8984
_d8984
008 180322b ||||| |||| 00| 0 eng d
245 _aWeathering the storms in business.
260 _aPhilippines:
_bThe Philippine Star,
_cc2017.
300 _apage C4.
650 0 _927054
_aBusiness.
942 _2ddc
_cPER